Score 0/150 Timer 12:00
5 Plays Today
Frequency Word % Correct
2251A
98.2%
840I
96.2%
10101The
95.3%
1746We
89.3%
204America
87.1%
7111Of
81.4%
390An
79.6%
196You
78.5%
4543To
78.1%
109State
77.4%
202United
77.3%
1486Be
77.1%
233Do
71.9%
1200For
71.8%
2788In
71.8%
185Me
70.9%
465No
70.6%
335States
70%
5316And
69.9%
472Can
69.4%
1466Is
69.2%
913Will
67.8%
111He
66.3%
539On
65.8%
480Us
64.4%
576People
63.5%
305Country
60.6%
958Not
60.2%
1390It
59.3%
813Are
58.9%
2185Our
55.8%
391So
55.3%
216When
55.2%
494My
54.7%
174What
53.3%
456They
52.2%
835This
52%
821All
51.8%
947As
50.8%
123Your
50.7%
1793That
49.9%
270Was
49.7%
1012Have
48.8%
370Who
47%
301Nation
46.7%
256One
46.3%
287If
43.9%
255There
42.8%
184Free
42.3%
559Or
42.1%
Frequency Word % Correct
177War
41.1%
240Than
41.1%
654But
41%
164American
41%
141Were
40.9%
573From
40.2%
340Great
38.7%
189Freedom
38%
756Their
37.7%
957With
37%
124Just
36.9%
326Should
36.6%
326Them
36.2%
211Would
36.2%
349At
35.8%
320World
35.1%
218Time
34.8%
623Has
34%
209His
33.8%
1085By
33.8%
145Good
33.5%
121Liberty
32.2%
131Had
31.6%
198Under
31.1%
254Peace
30.9%
291These
30.7%
299Every
28.7%
97Out
28%
313More
27.1%
224Now
26.9%
142Men
26.9%
119Right
26.7%
314Shall
26.3%
327Those
26.2%
252New
26.1%
130Congress
26%
137Justice
25.9%
489Been
25.6%
140Years
25.1%
109Some
25.1%
118Because
24.3%
134Never
24.2%
120Best
24%
145Make
23.5%
118Work
23.2%
366Must
23.2%
572Its
22.8%
138Life
22.4%
129Before
21.9%
338May
21.3%
Frequency Word % Correct
117Hope
20.8%
104Know
20.8%
278Any
20.3%
176Most
19.9%
128Into
19.9%
1006Which
19.7%
207Constitution
19.2%
99First
18.5%
150Fellow
17.8%
153Let
17.6%
108Many
17.6%
137Law
16.9%
596Government
16.5%
189Union
16.3%
245Citizens
15.6%
263Other
15.5%
245Only
15.1%
138Rights
15%
141Well
14%
140Without
13.8%
237Power
13.3%
112Through
12.8%
125Each
12.7%
95God
12.1%
157Made
11.6%
100Much
11.1%
198Nations
10.6%
158National
10.4%
132Laws
10.1%
98History
10%
96Part
10%
102Long
9.7%
104Foreign
8.8%
96Today
8%
373Upon
7.6%
114Against
7.1%
118Duty
6.4%
247Own
6.2%
97Between
5.9%
219Such
5.6%
97Policy
5.4%
108Among
4.9%
107Both
4%
97Executive
3.5%
106Political
3.5%
227Public
3.1%
101Powers
3%
140Spirit
2.6%
96Principles
2.3%
115Interests
1.8%

You're not logged in!

Compare scores with friends on all Sporcle quizzes.
OR
Log In

Sporcle TV

Today on Sporcle TV


Watch our educational content, quiz creation guides, and fun videos on Sporcle TV.

Show Comments

Extras

Top Quizzes Today


Score Distribution

Paid Content

Your Account Isn't Verified!

In order to create a playlist on Sporcle, you need to verify the email address you used during registration. Go to your Sporcle Settings to finish the process.

Report this User

Report this user for behavior that violates our Community Guidelines.

Details: